00511nam a2200145 a 450000100100000000500170001000800410002704000250006810000520009324500400014526000640018530000210024950000630027050400320033300002609720200930024311.0110301s19uu dr 000 0 spa d aDO-SdBNPbspacBNPHU1 aRonny MercedesqPérez Mateo, Ramón Mercedes10aHipotiposis sociales :bsiglo xx /. aSan Juan, República Dominicana :bEditora Logos,c[199?]. a218 p. ;c22 cm. aIncluye datos biográficos del autor en la contracubierta aBibliografía : p. 216-218